Central Library OPAC University of Rajshahi

The United Nations Emergency Force : (Record no. 42976)

MARC details
000 -LEADER
fixed length control field 00882nam a2200241 a 4500
001 - CONTROL NUMBER
control field 42976
003 - CONTROL NUMBER IDENTIFIER
rucl marc code BD-RjUL
005 - DATE AND TIME OF LATEST TRANSACTION
control field 20211209053627.0
008 - FIXED-LENGTH DATA ELEMENTS--GENERAL INFORMATION
fixed length control field 190310s1960 enk b 000 0 eng
035 ## - SYSTEM CONTROL NUMBER
System control number (BD-RjUL)43094
040 ## - CATALOGING SOURCE
Original cataloging agency DLC
Transcribing agency DLC
Modifying agency DLC
-- BD-RjUL
Language of cataloging eng
041 ## - LANGUAGE CODE
Language code of text/sound track or separate title eng
082 00 - DEWEY DECIMAL CLASSIFICATION NUMBER
Classification number 341.58
Edition number 23
Author mark and year UNI1960
245 04 - TITLE STATEMENT
Title The United Nations Emergency Force :
Remainder of title basic documents : a collection /
Statement of responsibility, etc. prepared by E. Lauterpacht.
260 ## - PUBLICATION, DISTRIBUTION, ETC. (IMPRINT)
Place of publication, distribution, etc. London,
Name of publisher, distributor, etc. Stevens;
Place of publication, distribution, etc. New York,
Name of publisher, distributor, etc. Praeger,
Date of publication, distribution, etc. 1960.
300 ## - PHYSICAL DESCRIPTION
Pagination vi, 49 p. ;
Size 26 cm.
500 ## - GENERAL NOTE
General note "Published under the auspices of the British Institute of International and Comparative Law."
504 ## - BIBLIOGRAPHY, ETC. NOTE
Bibliography, etc Bibliography: p. 49.
610 20 - SUBJECT ADDED ENTRY--CORPORATE NAME
Corporate name or jurisdiction name as entry element United Nations Emergency Force.
700 ## - ADDED ENTRY--PERSONAL NAME
Personal name Lauterpacht, E. , collector
710 2# - ADDED ENTRY--CORPORATE NAME
Corporate name or jurisdiction name as entry element British Institute of International and Comparative Law.
9 (RLIN) 229190
942 ## - ADDED ENTRY ELEMENTS (KOHA)
Source of classification or shelving scheme Dewey Decimal Classification
Koha item type Rare Books
Holdings
Lost status Source of classification or shelving scheme Damaged status Not for loan Collection code Permanent Location Current Location Shelving location Date acquired Total Checkouts Full call number Date last seen Copy number Koha item type
  Dewey Decimal Classification   Not For Loan Rare Books Central Library, University of Rajshahi Central Library, University of Rajshahi Rare Book Section 10/03/2019   RA 341.58 UNI 1960 10/03/2019 C-1 Rare Books